Quiz Ligue 1 - Statistiques

Statistiques générales
  • Ce quiz a été pris 38 fois
  • Le résultat moyen est 4 sur 6
Statistiques - réponses
Question Réponse % Correct
Quelle équipe à remporté le plus de fois la Ligue 1 ? Paris Saint-Germain
97%
Quelle équipe française à perdu deux fois contre le Real Madrid lors de deux finales de Ligue des Champions différentes ? Stade de Reims
88%
Qui a remporté la Ligue lors de la saison 2020-2021 ? Lille OSC
85%
Combien de saisons le FC Gueugnon, vainqueur de la Coupe de la Ligue face au PSG en 2000, a-t-il passé de saisons en Ligue 1 ? 1
61%
Qui a fini meilleur buteur lors de la saison 2016-2017 ? Edinson Cavani
55%
Qui est le meilleur buteur de l'histoire de la Ligue 1 ? Delio Onnis
36%
Aucun quiz correspondant
Distribution des résultats
% des personnes avec chaque résultat
Percentile par nombre de réponses
Votre historique - résultats
Vous n’avez pas pris ce quiz